000 00732nam a2200241Ia 4500
003 OSt
005 20220926002203.0
006 a|||||r|||| 00| 0
007 ta
008 220923b |||||||| |||| 00| 0 eng d
037 _cGeneral Book
040 _aRTL
_cRTL
_beng
041 _2eng
_aeng
082 _aV235 , 4N66 . N7, M2/TD
100 _aGupta Dipankar
_925485
245 0 _aNativism in a metropolis
_b The Shiv sena in Bombay
260 _a New Delhi
_bManohar
_c1982
300 _axv, 227p
_ccm.
500 _aBibliography: P 206-20; Appendix: P 201-05
650 _aHistory of Bombay
942 _hV235 , 4N66 . N7, M2/TD
_cGB
_2CC
999 _c603999
_d603999